| Tag |
First Indicator |
Second Indicator |
Subfields |
| LEADER |
00000cam a2200000Ki 4500 |
| 001 |
in00004004004 |
| 005 |
20190718165608.0 |
| 006 |
m o d |
| 007 |
cr cnu|unuuu|| |
| 008 |
190412s2019 enk o 001 0 zxx d |
| 020 |
|
|
|a 9781139629010
|q (electronic bk.)
|
| 020 |
|
|
|a 1139629018
|q (electronic bk.)
|
| 020 |
|
|
|a 9781108753661
|q (electronic bk.)
|
| 020 |
|
|
|a 1108753663
|q (electronic bk.)
|
| 020 |
|
|
|z 9781107040465 (hardback)
|
| 024 |
8 |
|
|a 40029096547
|
| 035 |
|
|
|a (NhCcYBP)ybp15906167
|
| 040 |
|
|
|a NhCcYBP
|c NhCcYBP
|d UtOrBLW
|
| 050 |
|
4 |
|a TK1078
|b .S36275 2019
|
| 072 |
|
7 |
|a TEC
|x 009070
|2 bisacsh
|
| 082 |
0 |
4 |
|a 621.48/35
|2 23
|
| 100 |
1 |
|
|a Xie, Wei-Chau,
|d 1964-
|e author,
|e author.
|0 http://id.loc.gov/authorities/names/no2001000693
|
| 245 |
1 |
0 |
|a Seismic risk analysis of nuclear power plants /
|c Wei-Chau Xie, Shun-Hao Ni, Wei Liu, Wei Jiang.
|
| 264 |
|
1 |
|a Cambridge :
|b Cambridge University Press,
|c 2019.
|
| 300 |
|
|
|a 1 online resource.
|
| 336 |
|
|
|a text
|b txt
|2 rdacontent
|
| 337 |
|
|
|a computer
|b c
|2 rdamedia
|
| 338 |
|
|
|a online resource
|b cr
|2 rdacarrier
|
| 505 |
0 |
|
|a Introduction -- Engineering seismology -- Basics of random processes and structural dynamics -- Seismic response spectra -- Seismic hazardanalysis -- Ground motions for seismic analysis -- Modeling of structures -- Floor response spectra -- Seismicfragility analysis -- Seismic probabilistic safety assessment.
|
| 588 |
0 |
|
|a Vendor-supplied metadata.
|
| 500 |
|
|
|a Electronic resource.
|
| 650 |
|
0 |
|a Nuclear power plants
|x Earthquake effects.
|0 http://id.loc.gov/authorities/subjects/sh85093035
|
| 650 |
|
0 |
|a Nuclear power plants
|x Risk assessment.
|0 http://id.loc.gov/authorities/subjects/sh87002639
|
| 650 |
|
0 |
|a Nuclear power plants
|x Safety measures.
|0 http://id.loc.gov/authorities/subjects/sh2008108501
|
| 650 |
|
0 |
|a Earthquake hazard analysis.
|0 http://id.loc.gov/authorities/subjects/sh90004460
|
| 655 |
|
7 |
|a Electronic books.
|2 local
|
| 700 |
1 |
|
|a Ni, Shun-Hao,
|e author.
|0 http://id.loc.gov/authorities/names/nb2019008769
|
| 700 |
1 |
|
|a Liu, Wei,
|e author.
|0 http://id.loc.gov/authorities/names/n82270866
|
| 700 |
1 |
|
|a Jiang, Wei,
|e author.
|0 http://id.loc.gov/authorities/names/n83172561
|
| 710 |
2 |
|
|a Cambridge University Press.
|0 http://id.loc.gov/authorities/names/n50059133
|
| 856 |
4 |
0 |
|u http://proxy.library.tamu.edu/login?url=https://doi.org/10.1017/9781139629010
|z Connect to the full text of this electronic book
|t 0
|
| 945 |
|
|
|a machinegen
|
| 955 |
|
|
|a YBP purchased approval e-records
|
| 980 |
|
|
|b 140.00
|g 1
|
| 999 |
f |
f |
|s 90698397-1a8c-3ce9-8d23-0f5c77bb16bc
|i f282824b-b16e-34eb-838e-92248b472db7
|t 0
|
| 952 |
f |
f |
|a Texas A&M University
|b College Station
|c Electronic Resources
|d Available Online
|t 0
|e TK1078 .S36275 2019
|h Library of Congress classification
|
| 998 |
f |
f |
|a TK1078 .S36275 2019
|t 0
|l Available Online
|